01882naa a2200193 a 450000100080000000500110000800800410001902000180006010000170007824501770009526000090027252011340028165300140141565300290142965300340145870000210149270000180151377301570153111206672014-04-24 2002 bl uuuu u00u1 u #d a85-85941-11-11 aSOUZA, R. T. aDeposi????o em pulveriza????es com e sem energia eletrost??tica com diferentes pontas de aplica????o sobre Euphorbia heterophylla na cultura da soja.h[electronic resource] c2002 aAplica????es herbicidas por pulverizadores com sistema eletrost??tico de carregamento de gostas est??o sendo recentemente utilizadas por agricultores. Com o objetivo de avaliar a deposi????o de tra??antes em plantas de Euphobia heterophylla com aplica????o em p??s-emerg??ncia na cultura da soja, utilizou-se o equipamento Spracoupe equipado com pontas XR 110015, TT 110015 e Cone HCX6, com volume de 30 L/ha. Foram testadas com e sem o uso de eletriza????o das gostas. Considerando-se as plantas daninhas, a energiza????o das gotas s?? n??o aumentou os dep??sitos quando se utilizou pontas com jato em cone vazio (Cone HCX6). Comparando-se os dep??sitos com as diferentes pontas e sistemas de pulveriza????o, pontas TT 110015 com o uso de energia proporcionaram maiores ganhos nas quantidades depisitadas sobre plantas daninhas nas linhas. Nas entrelinhas as pontas TT 110015 foram superadas apenas pelas XR 110015 com energia, assumindo posi????o intermedi??ria em rela????o as quantidades de tra??antes depositados na cultura, mostrando serem adequadas para aplica????o de herbicidas com uso de pulveriza????es eletrot??stica. aHerbicida aPontas de pulveriza????o aPulveriza????o eletrost??tica1 aPALLADINI, L. A.1 aVELINI, E. D. tIn: CONGRESSO BRASILEIRO DA CI??NCIA DAS PLANTAS DANINHAS, 23., 2002, Gramado, RS. Resumos... Londrina, PR: SBCPD/Embrapa Clima Temperado, 2002. p. 699.